Alle Städte und Gemeinden in Österreich mit "A" - Statistiken

Allgemein
  • Dieses Quiz wurde 44 mal gespielt
  • Das Durchschnittsergebnis liegt bei 24 aus 109
Antwortstatistiken
Hint Antwort % Korrekt
23.903 Amstetten
81%
1.877 Au V
74%
18.257 Ansfelden
52%
7.058 Asten
48%
951 Au am Leithaberge
48%
7.378 Absam T
45%
4.906 Admont ST
45%
1.259 Allhaming
45%
7.001 Altach V
45%
826 Altenburg
45%
497 Annaberg
45%
2.715 Aigen im Ennstal ST
39%
3.990 Anger ST
39%
1.647 Attersee am Attersee
39%
1.313 Aich ST
35%
1.903 Altaussee ST
35%
4.706 Altenmarkt im Pongau SBG
35%
6.324 Axams T
35%
2.471 Aflenz ST
32%
1.737 Allentsteig
32%
4.740 Altenberg bei Linz
32%
3.222 Altlengbach
32%
2.282 Andau B
32%
1.736 Apetlon B
32%
2.243 Aschach an der Donau
32%
9.218 Attnang-Puchheim
32%
6.048 Abtenau ST
29%
2.680 Alland
29%
2.293 Altenfelden
29%
2.172 Altenmarkt an der Triesting
29%
805 Altenmarkt bei Sankt Gallen ST
29%
4.331 Anif SBG
29%
6.182 Alkoven
26%
1.630 Allerheiligen bei Wildon ST
26%
5.055 Altheim
26%
4.922 Althofen K
26%
10.074 Altmünster
26%
1.749 Assling T
26%
1.886 Aurach am Hongar
26%
3.212 Aurolzmünster
26%
618 Aggsbach
23%
4.225 Alberndorf in der Riedmark
23%
3.411 Ampflwang im Hausruckwald
23%
1.101 Antiesenhofen
23%
1.540 Arbing
23%
1.291 Ardning ST
23%
2.275 Aschach an der Steyr
23%
3.803 Aschbach-Markt
23%
1.147 Aurach bei Kitzbühel T
23%
640 Abfaltersbach T
19%
1.457 Afritz am See K
19%
913 Ainet T
19%
978 Aistersheim
19%
1.256 Allerheiligen im Mühlkreis
19%
532 Amlach T
19%
3.514 Angern an der March
19%
1.211 Anras T
19%
3.761 Anthering SBG
19%
1.574 Arbesbach
19%
3.620 Ardagger
19%
7.143 Arnoldstein K
19%
2.649 Aspach
19%
1.822 Aspang-Markt
19%
1.921 Asparn an der Zaya
19%
603 Auberg
19%
729 Außervillgraten T
19%
2.473 Absdorf
16%
2.281 Achenkirch T
16%
224 Aderklaa
16%
3.727 Adnet SBG
16%
168 Andlersdorf
16%
5.220 Andorf
16%
796 Andrichsfurt
16%
1.187 Arnreit
16%
1.860 Aschau im Zillertal T
16%
1.691 Achau
13%
3.265 Alberschwende V
13%
362 Altendorf
13%
2.682 Andelsbuch V
13%
1.981 Angerberg T
13%
982 Arnfels ST
13%
1.341 Arriach K
13%
2.353 Asperhofen
13%
2.161 Adlwang
10%
2.252 Allhartsberg
10%
2.554 Alpbach T
10%
856 Altmelon
10%
721 Altschwendt
10%
1.835 Ampass T
10%
825 Antau B
10%
3.464 Atzenbrugg
10%
449 Atzesberg
10%
1.989 Auersthal
10%
974 Albeck K
6%
993 Albrechtsberg an der Großen Krems
6%
2.830 Aldrans T
6%
754 Altlichtenwarth
6%
1.018 Angath T
6%
833 Auerbach
6%
635 Aichkirchen
3%
3.268 Aigen-Schlägl
3%
3.158 Arzl im Pitztal T
3%
1.235 Atzbach
3%
710 Alberndorf im Pulkautal
0%
2.270 Albersdorf-Prebuch ST
0%
1.107 Amaliendorf-Aalfang
0%
2.215 Annaberg-Lungötz SBG
0%
1.271 Artstetten-Pöbring
0%
1.877 Aspangberg-Sankt Peter
0%
Keine übereinstimmenden Quizze gefunden
Verteilung der Resultate
Anzahl Personen mit jedem Resultat
Perzentil nach korrekt beantworteten Fragen
Ihre Resultats-Entwicklung
Sie haben dieses Quiz noch nicht gespielt